| 000 | 00805nam a22002657a 4500 | ||
|---|---|---|---|
| 001 | 2906405 | ||
| 003 | OSt | ||
| 005 | 20140310181715.0 | ||
| 008 | 870417s1986 ph 000 0 eng | ||
| 010 | _a 87711827 | ||
| 020 | _a9711706164 | ||
| 040 |
_aDLC _cDLC _dDLC |
||
| 050 | 0 | 0 |
_aPN 5424 _b.Of33 1984 |
| 082 |
_aFIL 070.4 _bOf6 1986 |
||
| 100 | 2 | _aPineda-Ofreneo, Rosalinda. | |
| 245 | 1 | 4 |
_aThe manipulated press : _ba history of Philippine jouralism since 1945 / _cRosalinda Pineda-Ofreneo. |
| 250 | _a2nd ed. rev. & updated. | ||
| 260 |
_aMetro Manila, Philippines : _bSolar Pub. Corp., _cc1986. |
||
| 300 |
_axvii, 284 p. ; _c22 cm. |
||
| 521 | _aBasic Ed. Students | ||
| 541 | _j1 | ||
| 562 | _e1 | ||
| 906 |
_a0 _bibc _corignew _d2 _encip _f19 _gy-gencatlg |
||
| 942 |
_2lcc _cBK-FIL _kFIL |
||
| 999 |
_c1719 _d1719 |
||